000 00866nam a2200217Ia 4500
999 _c38177
_d38177
001 4167
003 GE_BSU
005 20190923110915.0
008 181216s1971||||ge |||||||||||||| ||geo||
040 _cGE_BSU
041 _ageo
080 _a394(479.223) ა–95
245 _aაჭარის მოსახლეობის სამეურნეო ყოფის საკითხები /
_cრედ. ალ. რობაქიძე.
264 _a თბ. :
_bმეცნიერება,
_c1971.
300 _a102 გვ. ;
_b21 სმ.
541 _h1 ლ.
653 _aაჭარელთა სამეურნეო ყოფა
700 _aრობაქიძე, ალ.
_eრედაქტორი
_94212
710 _aბათუმის სამეცნ.-კვლევ. ინ-ტი.
_94213
942 _cBK
_2udc